Statystyki dla Państwa Europy- rozsypanka literowa cz. 1

Kliknij tutaj aby rozwiązać quiz!

Ogólne statystyki

  • Ten quiz został rozwiązany 316 razy
    (215 od ostatniego zresetowania)
  • Średni wynik to 16 z 23

Statystyki odpowiedzi

Rozsypanka literowaKraj% Poprawnych
atołwŁotwa
95%
ałiabrguBułgaria
89%
nnipaaełóacdcnomoMacedonia Północna
89%
laamtMalta
87%
acfjnarFrancja
84%
gklsueurmbLuksemburg
83%
racngzaroóCzarnogóra
82%
zheyccCzechy
75%
watilLitwa
75%
rbaiesSerbia
74%
glbaeiBelgia
72%
zianihsapHiszpania
72%
wsacazjiraSzwajcaria
71%
lanaaibAlbania
70%
omaoknMonako
67%
nłwaeiosSłowenia
67%
zwsceajSzwecja
65%
muuinraRumunia
59%
ktaanywWatykan
58%
nldairiaIrlandia
57%
dliasaniIslandia
46%
gtlouarpaiPortugalia
44%
trauisaAustria
42%

Rozkład punktacji

Percentyl według liczby udzielonych odpowiedzi

Procent ludzi z każdym wynikiem

Twoja historia wyników

Nie rozwiązałeś tego quizu od ostatniego zresetowania